Meilleurs marqueur d'essais du Top 14. - Statistiques

Statistiques générales
  • Ce quiz a été pris 756 fois
    260 depuis la dernière actualisation
  • Le résultat moyen est 6 sur 12
Statistiques - réponses
Joueur % Correct
Vincent Clerc
92%
Aurélien Rougerie
73%
Maxime Médard
67%
Juan Imhoff
56%
Napolioni Nalaga
56%
Josua Tuisova
53%
Alivereti Raka
45%
Waisea Nayacalevu
33%
Cédric Heymans
29%
Timoci Nagusa
24%
Julien Arias
23%
Laurent Arbo
15%
Aucun quiz correspondant
Distribution des résultats
% des personnes avec chaque résultat
Percentile par nombre de réponses
Votre historique - résultats
Vous n’avez pas pris ce quiz depuis la dernière actualisation